logo

Bir Sreshtho Munshi Abdur Rouf Library
Jhenaidah Cadet College

প্রযুক্তি জগৎ / (Record no. 5161)

MARC details
000 -LEADER
fixed length control field 00698nam a2200217 a 4500
001 - CONTROL NUMBER
JCCL Control Number 5161
003 - CONTROL NUMBER IDENTIFIER
JCCL marc code BD-JhCC
005 - DATE AND TIME OF LATEST TRANSACTION
control field 20171214170216.0
008 - FIXED-LENGTH DATA ELEMENTS--GENERAL INFORMATION
fixed length control field 171209s1980 bg |||| ||a| 000 0 ben d
035 ## - SYSTEM CONTROL NUMBER
system control number (BD-JhCC)5161
040 ## - CATALOGING SOURCE
Original cataloging agency BD-JhCC
Modifying agency BD-JhCC
041 ## - LANGUAGE CODE
Language code of Book ben
082 ## - DEWEY DECIMAL CLASSIFICATION NUMBER
Classification number 301.243
Author mark and Year BUR 1980
100 ## - MAIN ENTRY--PERSONAL NAME
Personal name বুরস্টিন, ড্যানিয়েল জে
245 ## - TITLE STATEMENT
Title প্রযুক্তি জগৎ /
Statement of responsibility, etc ড্যানিয়েল জে বুরস্টিন
260 ## - PUBLICATION, DISTRIBUTION, ETC. (IMPRINT)
Place of publication, distribution, etc ঢাকা :
Name of publisher, distributor, etc জাতীয় মুদ্রন,
Date of publication, distribution, etc ১৯৮০.
300 ## - PHYSICAL DESCRIPTION
Pagination 108 p, :
Dimensions 21 cm.
650 ## - SUBJECT ADDED ENTRY--TOPICAL TERM
Topical term or geographic name as entry element Technology
General subdivision Social aspects
942 ## - ADDED ENTRY ELEMENTS (KOHA)
Source of classification or shelving scheme Dewey Decimal Classification
Koha item type Books
Holdings
Source of classification or shelving scheme Damaged status Not for loan Home library Current library Shelving location Date of accession Cost, normal purchase price Total Checkouts Full call number Barcode Date last seen Copy number Koha item type Method of acquisition Currency
Dewey Decimal Classification     JCC Rouf Library JCC Rouf Library General Stacks 12/09/2017 12.00   301.243 BUR 1980 7117 12/09/2017 C-1 Books    
Dewey Decimal Classification     JCC Rouf Library JCC Rouf Library General Stacks   12.00   301.243 BUR 1980 7488 12/12/2017 C - 2 Books    
Dewey Decimal Classification     JCC Rouf Library JCC Rouf Library General Stacks 12/14/2017 12.00   301.243 BUR 1980 7552 06/19/2023 C-3 Books Purchase  
Dewey Decimal Classification     JCC Rouf Library JCC Rouf Library General Stacks       301.243 BUR 1980 7374 12/18/2017 C - 4 Books    
Dewey Decimal Classification     JCC Rouf Library JCC Rouf Library General Stacks 12/18/2017     301.243 BUR 1980 7870 12/18/2017 C - 5 Books    

JCC Library | Contacts | JCC Home

Last Update on 23 September 2017
Copyright @ 2017-2020 JCC Rouf Library
Rouf Library, Jhenidah Cadet College (JCC), Bangladesh